<?xml version="1.0" encoding="UTF-8"?>
<record
    xmlns:xsi="http://www.w3.org/2001/XMLSchema-instance"
    xsi:schemaLocation="http://www.loc.gov/MARC21/slim http://www.loc.gov/standards/marcxml/schema/MARC21slim.xsd"
    xmlns="http://www.loc.gov/MARC21/slim">

  <leader>00534nam a22001577a 4500</leader>
  <controlfield tag="003">OSt</controlfield>
  <controlfield tag="005">20240416105735.0</controlfield>
  <controlfield tag="008">240416b        |||||||| |||| 00| 0 eng d</controlfield>
  <datafield tag="040" ind1=" " ind2=" ">
    <subfield code="c">MRSPTU</subfield>
  </datafield>
  <datafield tag="100" ind1=" " ind2=" ">
    <subfield code="a">Taran Singh (&#xA24;&#xA30;&#xA28; &#xA38;&#xA3F;&#xA70;&#xA18;)</subfield>
  </datafield>
  <datafield tag="245" ind1=" " ind2=" ">
    <subfield code="a">Dharm Di Utpati Ate Vikas (&#xA27;&#xA30;&#xA2E; &#xA26;&#xA40; &#xA09;&#xA24;&#xA2A;&#xA24;&#xA40; &#xA05;&#xA24;&#xA47; &#xA35;&#xA3F;&#xA15;&#xA3E;&#xA38;)</subfield>
    <subfield code="b">&#xA2D;&#xA3E;&#xA30;&#xA24;&#xA40; &#xA27;&#xA30;&#xA2E;&#xA3E;&#xA02; &#xA26;&#xA47; &#xA2A;&#xA4D;&#xA30;&#xA2E;&#xA3E;&#xA23; &#xA38;&#xA39;&#xA3F;&#xA24;</subfield>
  </datafield>
  <datafield tag="250" ind1=" " ind2=" ">
    <subfield code="a">1998</subfield>
  </datafield>
  <datafield tag="260" ind1=" " ind2=" ">
    <subfield code="a">Punjab</subfield>
    <subfield code="b">Publication Bureau Punjabi University</subfield>
  </datafield>
  <datafield tag="300" ind1=" " ind2=" ">
    <subfield code="a">285</subfield>
  </datafield>
  <datafield tag="942" ind1=" " ind2=" ">
    <subfield code="2">ddc</subfield>
    <subfield code="c">BK</subfield>
    <subfield code="n">0</subfield>
  </datafield>
  <datafield tag="952" ind1=" " ind2=" ">
    <subfield code="0">0</subfield>
    <subfield code="1">0</subfield>
    <subfield code="2">ddc</subfield>
    <subfield code="4">0</subfield>
    <subfield code="7">0</subfield>
    <subfield code="8">BK</subfield>
    <subfield code="a">MCL</subfield>
    <subfield code="b">MCL</subfield>
    <subfield code="d">2024-04-16</subfield>
    <subfield code="l">0</subfield>
    <subfield code="p">G-211</subfield>
    <subfield code="r">2024-04-16 10:57:44</subfield>
    <subfield code="w">2024-04-16</subfield>
    <subfield code="y">BK</subfield>
  </datafield>
  <datafield tag="999" ind1=" " ind2=" ">
    <subfield code="c">10044</subfield>
    <subfield code="d">10044</subfield>
  </datafield>
</record>
